Every Song by Fuel - Statistics

General Stats
  • This quiz has been taken 6 times
  • The average score is 6 of 80
Answer Stats
Album Song % Correct
Sunburn(1998) Shimmer
100%
Sunburn(1998) Sunburn
80%
Natural Selection(2003) Falls on Me
60%
Sunburn(1998) Jesus or a Gun
60%
Sunburn(1998) Bittersweet
40%
Puppet Strings(2014) Puppet Strings
40%
ÅNOMÅLY(2021) Alive
20%
Something Like Human(2000) Bad Day
20%
Puppet Strings(2014) Cold Summer
20%
Natural Selection(2003) Days with You
20%
Something Like Human(2000) Hemorrage (In My Hands)
20%
Something Like Human(2000) Innocent
20%
ÅNOMÅLY(2021) Landslide
20%
Sunburn(1998) Song for You
20%
Sunburn(1998) Untitled
20%
ÅNOMÅLY(2021) 4 Walls
0%
Angels & Devils(2007) Again
0%
Fuel(1994) Alive & Dying
0%
Angels & Devils(2007) Angels Take a Soul
0%
Fuel(1994) Blind
0%
Fuel(1994) Counter
0%
Natural Selection(2003) Die Like This
0%
ÅNOMÅLY(2021) Don't Say I
0%
Something Like Human(2000) Down
0%
Natural Selection(2003) Down Inside of You
0%
Something Like Human(2000) Easy
0%
Something Like Human(2000) Empty Spaces
0%
Angels & Devils(2007) Forever
0%
Fuel(1994) Forgiveness
0%
Natural Selection(2003) Getting Thru?
0%
ÅNOMÅLY(2021) Give
0%
Angels & Devils(2007) Gone
0%
Fuel(1994) Gray
0%
Angels & Devils(2007) Halos of the Sun
0%
Angels & Devils(2007) Hangin' Round
0%
Fuel(1994) Happy
0%
ÅNOMÅLY(2021) Hard
0%
Puppet Strings(2014) Headache
0%
ÅNOMÅLY(2021) Heaven's Waiting 4 U
0%
Puppet Strings(2014) Hey, Mama
0%
Sunburn(1998) Hideaway
0%
Puppet Strings(2014) I Can See the Sun
0%
ÅNOMÅLY(2021) I'm Gone
0%
Angels & Devils(2007) I Should Have Told You
0%
Sunburn(1998) It's Come to This
0%
ÅNOMÅLY(2021) Keep It Away
0%
Sunburn(Reissue)(2003) King for a Day
0%
Something Like Human(2000) Knives
0%
Something Like Human(2000) Last Time
0%
Angels & Devils(2007) Leave the Memories Alone
0%
Natural Selection(2003) Luck
0%
Sunburn(1998) Mary Pretends
0%
Angels & Devils(2007) Mess
0%
Natural Selection(2003) Million Miles
0%
Natural Selection(2003) Most of All
0%
Sunburn(1998) New Thing
0%
Porcelain(1996) Nothing
0%
Angels & Devils(2007) Not This Time
0%
Sunburn(1998) Ozone
0%
Something Like Human(2000) Prove
0%
Natural Selection(2003) Quarter
0%
Natural Selection(2003) Running Away
0%
Something Like Human(2000) Scar
0%
Angels & Devils(2007) Scars in the Making
0%
ÅNOMÅLY(2021) See Your Eyes
0%
Something Like Human(2000) Slow
0%
Something Like Human(2000) Solace
0%
Puppet Strings(2014) Soul to Preach To
0%
Fuel(1994) Stripped Away
0%
Porcelain(1996) Sunday Girl
0%
ÅNOMÅLY(2021) The Only Ones
0%
Natural Selection(2003) These Things
0%
Puppet Strings(2014) Time for Me to Stop
0%
Sunburn(Reissue)(2003) Walk the Sky
0%
Puppet Strings(2014) Wander
0%
Angels & Devils(2007) Wasted Time
0%
Fuel(1994) What More Am I
0%
Puppet Strings(2014) What We Can Never Have
0%
Natural Selection(2003) Won't Back Down
0%
Puppet Strings(2014) Yeah!
0%
No matching quizzes found
Score Distribution
Percent of People with Each Score
Percentile by Number Answered
Your Score History
You have not taken this quiz